25 Nomes mais populares do Brasil começando com F - Statistics

Estatísticas Gerais
  • Esse quiz foi jogado 601 vezes
  • A pontuação média é 13 de 25
Estatísticas das Respostas
# NOMES FREQUÊNCIA % Correto
4 Fernando 556.346
93%
6 Fernanda 534.757
91%
5 Fábio 547.965
90%
21 Fábia 18.250
88%
3 Felipe/Filipe 683.192
83%
7 Fabiana 291.910
79%
1 Francisco 1.772.197
77%
12 Fabiano 159.150
76%
2 Francisca 725.642
70%
9 Flávia 233.904
68%
8 Flávio 266.719
67%
11 Fabrício 167.879
56%
10 Fátima 198.083
56%
16 Frederico 36.821
43%
14 Fabíola 56.645
41%
19 Félix 19.272
34%
20 Filomena 19.143
33%
15 Fabiane 51.741
28%
13 Franciele 112.501
28%
17 Fagner 30.218
27%
22 Flaviana 17.872
26%
18 Francine 24.176
23%
25 Flaviane 15.499
17%
23 Frank 16.806
17%
24 Franklin 16.230
12%
Nenhum quiz correspondente encontrado
Distribuição das Pontuações
Porcentagem de Pessoas com Cada Pontuação
Percentil de Números Respondidos
Sua Pontuação Histórica
Você não jogou esse quiz